Statistics for First 10 African Capitals In Alphabetical Order

Click here to take the quiz!

General Stats

  • This quiz has been taken 45 times
  • The average score is 8 of 10

Answer Stats

Answer% Correct
Accra
95%
Abuja
90%
Algiers
90%
Addis Ababa
86%
Antananarivo
81%
Bamako
79%
Asmara
76%
Banjul
74%
Bangui
71%
Bissau
52%

Score Distribution

Percentile by Number Answered

Percent of People with Each Score

Your Score History

You have not taken this quiz